| 000 | 00856nam a22002897a 4500 | ||
|---|---|---|---|
| 003 | OSt | ||
| 005 | 20240620162652.0 | ||
| 007 | ta | ||
| 008 | 240620b |||||||| |||| 00| 0 sp d | ||
| 020 | _a9681857542 | ||
| 040 |
_aCUNOROC _bspa _cCUNOROC _dCUNOROC |
||
| 041 |
_aspa _dspa _espa _gspa _hspa |
||
| 082 | _aR 691 H814 v.2 | ||
| 100 | 1 | 0 |
_aHornbostel, Caleb _eAutor _98263 |
| 245 | 1 | 0 |
_aMateriales modernos para construcción: _bUsos y aplicaciones./ _cCaleb Hornbostel./ _hImpreso. |
| 260 |
_aMéxico: _bLimusa S.A. de C.V.; _cc1999. |
||
| 300 |
_a519 páginas: _bil.; _c28 cm. |
||
| 650 |
_aConstrucción _98032 |
||
| 650 |
_aMateriales de construcción _98267 |
||
| 650 |
_aCadenas _98272 |
||
| 650 |
_aConcreto _95378 |
||
| 650 |
_aMuros _98273 |
||
| 650 |
_aCielos _98274 |
||
| 650 |
_aLáminas _98275 |
||
| 650 |
_aAcero _98276 |
||
| 942 |
_2ddc _cBK _n0 |
||
| 999 |
_c3007 _d3007 |
||